Rickenbacker International Airport Destinations (Columbus, OH, USA) - Statistics

General Stats
  • This quiz has been taken 23 times
  • The average score is 8 of 11
Answer Stats
Airline Destination % Correct
Allegiant Air Fort Lauderdale
100%
Allegiant Air Orlando/Sanford
100%
Allegiant Air Destin/Fort Walton Beach
92%
Allegiant Air Punta Gorda (FL)
83%
Allegiant Air Sarasota
83%
Allegiant Air St. Petersburg/Clearwater
75%
Allegiant Air Myrtle Beach
67%
Allegiant Air Charleston (SC)
58%
Allegiant Air Savannah
58%
Allegiant Air Jacksonville
42%
Allegiant Air Norfolk
33%
No matching quizzes found
Score Distribution
Percent of People with Each Score
Percentile by Number Answered
Your Score History
You have not taken this quiz